| 000 | 00734nam a2200241 i 4500 | ||
|---|---|---|---|
| 001 | 12361 | ||
| 003 | ES-MaACL | ||
| 005 | 20240509131956.0 | ||
| 007 | t| | ||
| 008 | 900629s1991 sp |||| | spa j | ||
| 020 | _a84-264-2774-X | ||
| 080 | _a860-14"19" | ||
| 100 | 1 |
_aLentini, Javier, _d1929-1995 _971549 |
|
| 245 | 1 | 0 |
_aViaje a la última isla / _cJavier Lentini ; prólogo y epílogo de Manuel Mantero. |
| 250 | _a1ª ed. | ||
| 260 |
_aMadrid : _bLumen, _c1991. |
||
| 300 |
_a93 p. ; _c21 cm. |
||
| 490 | 1 |
_aPoesía ; _v74 |
|
| 700 | 0 |
_aMantero, Manuel, _d1930- _976156 |
|
| 830 | 0 |
_aPoesía ; _v74 _9177794 |
|
| 852 |
_aES-MaACL _jL-19779 _z. - Dedicatoria autógrafa de la autora |
||
| 999 |
_c12361 _d12361 |
||